000 00331nam a2200121Ia 4500
008 240731s9999 xx 000 0 und d
022 _a1521-0707
245 0 _aSociological Spectrum : Mid-South Sociological Association
260 _bRoutledge
856 _uhttps://www.tandfonline.com/loi/usls20
942 _2ddc
942 _cTFEJ
999 _c79443
_d79443
945 _a1
_bMadushi Gamage
_c1
_dMadushi Gamage